| 000 | 00907cam a2200265 4500 | ||
|---|---|---|---|
| 001 | J325 | ||
| 008 | 090401t1989 xxu||||| |||| 00| 0 eng d | ||
| 035 | _a(Sirsi) u74425 | ||
| 041 | _aeng | ||
| 050 | _a692.9 | ||
| 090 | _aJCT 1989/25A | ||
| 110 |
_aJoint Contracts Tribunal _93664 |
||
| 245 | _aArticles of agreement (and) sub-contract conditions: Domestic Sub-contract DOM/1 (1980 edition): amendment 6 issued September 1989: fair wages (and) settlement of disputes - arbitration. | ||
| 260 |
_aLondon _bBEC _c1989 |
||
| 300 | _a8p. ; 30cm. | ||
| 350 | _a0 | ||
| 650 | _aMANAGEMENT-DISPUTE AVOIDANCE, MANAGEMENT AND RESOLUTION-DISPUTE MANAGEMENT AND RESOLUTION-ARBITRATION | ||
| 650 | _aDOM/1 | ||
| 650 | _aFAIR WAGES | ||
| 650 | _aJCT STANDARD FORM OF CONTRACT 1980 | ||
| 650 | _aSUBCONTRACTS | ||
| 690 | _aBUILT ENVIRONMENT-BUILDING CONTRACT FORMS | ||
| 942 | _n0 | ||
| 948 | _c04/03/1997 | ||
| 999 |
_c95847 _d95847 |
||